00976cam a2200253 a 450000100100000000500170001000800410002702000150006804000330008308200240011624501300014025000110027026000320028130000210031344000370033450400530037165000290042465000360045370000500048991000340053991000070057395201270058099900150070700000259020200929150223.0981006s1998 sp b 000 p spa d a8437616425 aDO-SdBNPcPL#dOCLdBUFdDLC a861.08bA634c, 199800aAntología cátedra de poesía de las letras hispánicas /cselección e introducción, José Francisco Ruiz Casanova. a2a ed. aMadrid :bCátedra,c1998. a928 p. ;c18 cm. 0aLetras hispánicas ;v50094208 aIncluye referencias bibliográficas (p. 63-81). 4aPoesía española9631 0aPoesía hispanoamericana981601 aRuiz Casanova, José Francisco,eintr.98161 aCatalogación por copia / LC aWM 001052708MOaGRbGRcHDd2009-07-14iLF1l0o861.08 A634c, 1998p2590-10r2020-06-25w2020-06-25y2ZPréstamo interno c2426d2426